| 000 | 00829nam a2200205Ia 4500 | ||
|---|---|---|---|
| 003 | GCL | ||
| 008 | 140319s9999 xx 000 0 ara d | ||
| 040 |
_aGCL / _cGCL |
||
| 082 | 0 | 4 |
_aط _b502 _bم س |
| 245 | 1 | 0 |
_aسلسلة العلوم للناشئين : _bالميكانيكا الميسرة\علم النبات\الطقس\علم الضوء\علم الحيوان\الحركياتالهوائية\الكيمياءالميسرة\المغنطسية والكهرباء |
| 260 |
_aبيروت : _bمكتبة لبنان |
||
| 300 |
_aمتعدد ؛ _c20 سم |
||
| 490 |
_aسلسلة العلوم للناشئين _v0 |
||
| 650 | 0 | 4 | _aعلم النبات |
| 650 | 0 | 4 | _aالمغناطيسية الكهربائية |
| 650 | 0 | 4 | _aالطقس |
| 650 | 0 | 4 | _aالميكانيكا |
| 650 | 0 | 4 | _aعلم الحيوان |
| 942 |
_2ddc _cBK |
||
| 999 |
_c57221 _d57221 |
||